| 000 | 00433nam a2200157 i 4500 | ||
|---|---|---|---|
| 001 | bg | ||
| 100 | 1 | _aPAŁKA, Julian | |
| 245 | 0 |
_aGrunty budowlane. _nCz. 2, _pLaboratoryjne badanie fizycznych cech gruntów / _cJulian Pałka, Leszek Sanecki. |
|
| 250 | _aWyd. 2 poszerz. | ||
| 260 |
_aKraków, _c1980. |
||
| 700 | 1 | _aSANECKI, Leszek | |
| 040 | _cBPK | ||
| 041 | _apol | ||
| 942 | _cKS | ||
| 008 | s pl f |000 0 pol | ||
| 999 |
_c20068 _d20068 |
||
| 856 |
_uhttp://koha.tu.koszalin.pl/cgi-bin/koha/opac-detail.pl?biblionumber=20068 _yKatalog online BPK |
||